[Event "COL-chT (Women)"]
[Site "Bucaramanga"]
[Date "2022.09.08"]
[Round "3.1"]
[White "Rojas Castillo, Andrea Lizeth"]
[Black "Ortegon Villacorte, Linda Daniela"]
[Result "0-1"]
[WhiteElo "1661"]
[BlackElo "1834"]
[PlyCount "84"]
[EventDate "2022.09.06"]
[EventType "team-swiss"]
[EventRounds "6"]
[EventCountry "COL"]
[SourceTitle "CBM 210 Extra"]
[Source "ChessBase"]
[SourceDate "2022.11.30"]
[SourceVersion "1"]
[SourceVersionDate "2022.11.30"]
[SourceQuality "1"]
[WhiteTeam "Boyaca (W)"]
[BlackTeam "Cundinamarca (W)"]
[WhiteTeamCountry "COL"]
[BlackTeamCountry "COL"]

1. d4 Nf6 2. Nf3 g6 3. Bf4 Bg7 4. e3 d5 5. c4 c5 6. Nc3 cxd4 7. Nxd4 a6 8. Be2 0-0 9. 0-0 dxc4 10. Bxc4 Nbd7 11. Bg3 Qa5 12. Rc1 e5 13. Nf3 b5 14. Bd5 Ra7 15. a3 b4 16. axb4 Qxb4 17. Qc2 Nh5 18. e4 Bb7 19. Rfd1 Nxg3 20. hxg3 Nb6 21. Bxb7 Rxb7 22. Nd5 Nxd5 23. exd5 e4 24. Ng5 Bh6 25. Nxe4 Bxc1 26. Rxc1 Qxb2 27. Qxb2 Rxb2 28. d6 Rbb8 29. Nf6+ Kg7 30. Nd7 Rbc8 31. Rxc8 Rxc8 32. Nb6 Rd8 33. d7 Kf6 34. Kf1 Ke6 35. Ke2 Kd6 36. Kd3 Kc6 37. Nc4 Rxd7+ 38. Kc3 f6 39. g4 Kc5 40. f3 Rd1 41. Ne3 Rc1+ 42. Kb3 a5 0-1

[Event "Sopo Region-ch (Women)"]
[Site "Sopo"]
[Date "2021.07.25"]
[Round "4"]
[White "Pachon Gutierrez, Adriana Paola"]
[Black "Ortegon Villacorte, Linda Daniela"]
[Result "1/2-1/2"]
[WhiteElo "1980"]
[BlackElo "1839"]
[PlyCount "45"]
[EventDate "2021.07.24"]
[EventType "swiss"]
[EventRounds "5"]
[EventCountry "COL"]
[SourceTitle "EXT 2022"]
[Source "ChessBase"]
[SourceDate "2021.10.06"]
[SourceVersion "1"]
[SourceVersionDate "2021.10.06"]
[SourceQuality "1"]

1. f4 Nf6 2. e3 d6 3. Nf3 g6 4. b3 Bg7 5. Bb2 0-0 6. Be2 c5 7. 0-0 Nc6 8. Qc1 Re8 9. d3 Bg4 10. h3 Bxf3 11. Bxf3 d5 12. Nd2 e5 13. fxe5 Nxe5 14. Rf2 Bh6 15. Nf1 d4 16. Bxb7 Rb8 17. Bf3 Nxf3+ 18. Rxf3 Nd5 19. Qd1 Nxe3 20. Nxe3 Bxe3+ 21. Kh1 f5 22. Qf1 Rb7 23. Bc1 1/2-1/2

[Event "COL-chT 21st"]
[Site "Cartagena"]
[Date "2019.11.30"]
[Round "4.3"]
[White "Ortegon Villacorte, Linda Daniela"]
[Black "Chirivi Castiblanco, Angie Lizeth"]
[Result "1-0"]
[WhiteElo "1855"]
[BlackElo "1976"]
[PlyCount "96"]
[EventDate "2019.11.30"]
[EventType "team-swiss"]
[EventRounds "9"]
[EventCountry "COL"]
[SourceTitle "CBM 195 Extra"]
[Source "ChessBase"]
[SourceDate "2020.05.31"]
[SourceVersion "1"]
[SourceVersionDate "2020.05.31"]
[SourceQuality "1"]
[WhiteTeam "Cudinamarca"]
[BlackTeam "Antioquia"]
[WhiteTeamCountry "COL"]
[BlackTeamCountry "COL"]

1. e4 e5 2. Nf3 Nc6 3. Nc3 Bb4 4. Bc4 Nf6 5. d3 d6 6. h3 Be6 7. Bb3 h6 8. Bd2 Qd7 9. Nd5 Bxd2+ 10. Qxd2 Bxd5 11. exd5 Ne7 12. c4 0-0 13. 0-0 Ng6 14. Bc2 Rae8 15. Rfe1 Nf4 16. d4 Nxh3+ 17. gxh3 Qxh3 18. Nh2 e4 19. Re3 Qf5 20. Bd1 Qg5+ 21. Kh1 Nh5 22. Bxh5 Qxh5 23. Rg1 f5 24. Reg3 Rf7 25. Rg6 f4 26. Qd1 f3 27. Qd2 Kh7 28. Qe3 Ree7 29. R6g4 Qf5 30. b4 c6 31. dxc6 bxc6 32. a3 a6 33. R4g3 Re6 34. c5 dxc5 35. dxc5 Rd7 36. Qc3 Qf7 37. Qe3 Rd3 38. Qc1 Rd7 39. a4 Rf6 40. Qc2 Re7 41. Rg4 Rfe6 42. Nf1 Qh5+ 43. Nh2 Kh8 44. Qd2 e3 45. fxe3 Rxe3 46. Qd8+ Kh7 47. Qd4 Qf7 48. Rf4 f2 1-0

[Event "COL-chT (Women)"]
[Site "Cartagena"]
[Date "2019.11.28"]
[Round "7.4"]
[White "Villota Munoz, Gabriela Ana"]
[Black "Ortegon Villacorte, Linda Daniela"]
[Result "0-1"]
[WhiteElo "1174"]
[BlackElo "1853"]
[PlyCount "60"]
[EventDate "2019.11.24"]
[EventType "team-swiss"]
[EventRounds "7"]
[EventCountry "COL"]
[SourceTitle "CBM 193 Extra"]
[Source "ChessBase"]
[SourceDate "2020.01.31"]
[SourceVersion "1"]
[SourceVersionDate "2020.01.31"]
[SourceQuality "1"]
[WhiteTeam "Narino (W)"]
[BlackTeam "Cundinamarca (W)"]
[WhiteTeamCountry "COL"]
[BlackTeamCountry "COL"]

1. Nf3 Nf6 2. d4 g6 3. Nc3 Bg7 4. e4 d6 5. Bc4 0-0 6. 0-0 a6 7. Re1 b5 8. Bd5 Nxd5 9. Nxd5 Bb7 10. Nb4 Nd7 11. c3 Nf6 12. Qd3 c5 13. dxc5 dxc5 14. e5 Ng4 15. Qxd8 Raxd8 16. Nc2 Bxf3 17. gxf3 Nxe5 18. Kg2 e6 19. Bf4 Nd3 20. Re4 Nxb2 21. Be5 Rd2 22. Bxg7 Kxg7 23. Ne3 Nd3 24. Nd1 f5 25. Re3 Rd8 26. a3 Rxd1 27. Rxd1 Nf4+ 28. Kg3 Nh5+ 29. Kg2 Rxd1 30. Rxe6 Nf4+ 0-1

[Event "COL-chT (Women)"]
[Site "Cartagena"]
[Date "2019.11.27"]
[Round "6.4"]
[White "Ortegon Villacorte, Linda Daniela"]
[Black "Rosado Perez, Maria Jose"]
[Result "0-1"]
[WhiteElo "1853"]
[BlackElo "1809"]
[PlyCount "72"]
[EventDate "2019.11.24"]
[EventType "team-swiss"]
[EventRounds "7"]
[EventCountry "COL"]
[SourceTitle "CBM 193 Extra"]
[Source "ChessBase"]
[SourceDate "2020.01.31"]
[SourceVersion "1"]
[SourceVersionDate "2020.01.31"]
[SourceQuality "1"]
[WhiteTeam "Cundinamarca (W)"]
[BlackTeam "Bolivar (W)"]
[WhiteTeamCountry "COL"]
[BlackTeamCountry "COL"]

1. e4 c5 2. Nf3 e6 3. c3 Nc6 4. d4 cxd4 5. cxd4 d5 6. e5 Bd7 7. Nc3 a6 8. Bd3 Rc8 9. 0-0 Bb4 10. Ne2 Nge7 11. a3 Ba5 12. Nf4 Ng6 13. Bb1 Nce7 14. b4 Bb6 15. Nh5 0-0 16. Kh1 Qc7 17. Bb2 a5 18. g4 axb4 19. axb4 Bb5 20. Rg1 Qc4 21. Ng3 Ra8 22. Rxa8 Rxa8 23. Qd2 Qb3 24. Qc3 Qxc3 25. Bxc3 Nf4 26. Nd2 Nh3 27. Rg2 Nc6 28. Nb3 Ra3 29. Bc2 Ba4 30. Bb2 Bxb3 31. Bxa3 Bxc2 32. f4 Bd1 33. Ne2 Nxd4 34. Nxd4 Bxd4 35. Rg3 Nxf4 36. Bc1 Bxe5 0-1

[Event "Tunja Boyaca op"]
[Site "Tunja"]
[Date "2019.08.01"]
[Round "3"]
[White "Ortegon Villacorte, Linda Daniela"]
[Black "Salej, Jorge"]
[Result "1/2-1/2"]
[WhiteElo "1863"]
[BlackElo "2060"]
[PlyCount "59"]
[EventDate "2019.07.31"]
[EventType "swiss"]
[EventRounds "9"]
[EventCountry "COL"]
[SourceTitle "EXT 2020"]
[Source "ChessBase"]
[SourceDate "2019.10.17"]
[SourceVersion "1"]
[SourceVersionDate "2019.10.17"]
[SourceQuality "1"]

1. e4 c6 2. d4 d5 3. exd5 cxd5 4. Bf4 Nc6 5. c3 Nf6 6. Nd2 e6 7. Bd3 Bd6 8. Ne2 0-0 9. 0-0 Qc7 10. Bg3 e5 11. dxe5 Nxe5 12. Bc2 Re8 13. Nd4 Bd7 14. h3 Nc4 15. Bxd6 Qxd6 16. b3 Ne5 17. N2f3 Rac8 18. Rc1 g6 19. Bb1 Bc6 20. Re1 Rcd8 21. Qd2 Nxf3+ 22. Nxf3 Ne4 23. Qh6 Qf6 24. c4 d4 25. Bxe4 Rxe4 26. Rxe4 Bxe4 27. Ng5 Bc6 28. Qxh7+ Kf8 29. Qh4 Kg7 30. Qh7+ 1/2-1/2

[Event "COL-chT Interligas (Women)"]
[Site "Palmira"]
[Date "2019.04.27"]
[Round "2.4"]
[White "Munoz Monroy, Cinthya Carolina"]
[Black "Ortegon Villacorte, Linda Daniela"]
[Result "1-0"]
[WhiteElo "2011"]
[BlackElo "1906"]
[PlyCount "45"]
[EventDate "2019.04.27"]
[EventType "team-swiss"]
[EventRounds "6"]
[EventCountry "COL"]
[SourceTitle "CBM 190 Extra"]
[Source "ChessBase"]
[SourceDate "2019.07.15"]
[SourceVersion "1"]
[SourceVersionDate "2019.07.15"]
[SourceQuality "1"]
[WhiteTeam "Antioquia (W)"]
[BlackTeam "Cundinamarca (W)"]
[WhiteTeamCountry "COL"]
[BlackTeamCountry "COL"]

1. e4 e6 2. d4 d5 3. Nd2 Nf6 4. e5 Nfd7 5. f4 c5 6. c3 Nc6 7. Ndf3 cxd4 8. cxd4 Bb4+ 9. Kf2 Qb6 10. a3 Be7 11. b4 a6 12. Bd3 g5 13. h3 f6 14. Kf1 gxf4 15. Bxf4 fxe5 16. Nxe5 Ndxe5 17. Bxe5 Rf8+ 18. Nf3 Nxe5 19. dxe5 Rf7 20. Ke2 Bg5 21. Qg1 Bd8 22. Qb1 Bd7 23. a4 1-0

[Event "COL-chT Interligas (Women)"]
[Site "Palmira"]
[Date "2019.04.27"]
[Round "1.4"]
[White "Ortegon Villacorte, Linda Daniela"]
[Black "Bernal Parra, Eliana Valentina"]
[Result "1-0"]
[WhiteElo "1906"]
[BlackElo "1282"]
[PlyCount "33"]
[EventDate "2019.04.27"]
[EventType "team-swiss"]
[EventRounds "6"]
[EventCountry "COL"]
[SourceTitle "CBM 190 Extra"]
[Source "ChessBase"]
[SourceDate "2019.07.15"]
[SourceVersion "1"]
[SourceVersionDate "2019.07.15"]
[SourceQuality "1"]
[WhiteTeam "Cundinamarca (W)"]
[BlackTeam "Boyaca (W)"]
[WhiteTeamCountry "COL"]
[BlackTeamCountry "COL"]

1. e4 c5 2. Nc3 Nc6 3. f4 e6 4. Nf3 d6 5. Bc4 Be7 6. 0-0 Na5 7. Bb5+ Bd7 8. Bxd7+ Qxd7 9. d4 cxd4 10. Qxd4 Nf6 11. Qd3 0-0 12. h3 Rfd8 13. Be3 Nc6 14. Rad1 Qc7 15. Qe2 Qa5 16. a3 a6 17. Qf2 1-0

[Event "COL-ch U2000"]
[Site "Pereira"]
[Date "2019.03.22"]
[Round "2"]
[White "Guzman Franco, Javier"]
[Black "Ortegon Villacorte, Linda Daniela"]
[Result "1/2-1/2"]
[WhiteElo "1633"]
[BlackElo "1906"]
[PlyCount "122"]
[EventDate "2019.03.21"]
[EventType "swiss"]
[EventRounds "9"]
[EventCountry "COL"]
[SourceTitle "CBM 189 Extra"]
[Source "ChessBase"]
[SourceDate "2019.06.03"]
[SourceVersion "1"]
[SourceVersionDate "2019.06.03"]
[SourceQuality "1"]

1. d4 Nf6 2. c4 g6 3. Nc3 Bg7 4. e4 d6 5. f3 0-0 6. Be3 Nbd7 7. Qd2 Re8 8. Nh3 c5 9. d5 Ne5 10. Nf2 Qa5 11. Be2 a6 12. 0-0 Bd7 13. a4 Rab8 14. h3 Qb4 15. b3 Bc8 16. f4 Ned7 17. Nd3 Qa5 18. Rac1 Rf8 19. g4 Ne8 20. Kh2 Bxc3 21. Qxc3 Qxc3 22. Rxc3 Nef6 23. Bf3 b5 24. e5 Ne8 25. axb5 axb5 26. e6 Nb6 27. f5 bxc4 28. bxc4 Na4 29. Ra3 Nb6 30. Bh6 Ng7 31. Ra7 Nxc4 32. fxg6 hxg6 33. Rxe7 Rb7 34. Rxb7 Bxb7 35. Be4 fxe6 36. Rxf8+ Kxf8 37. Nf4 Kg8 38. Nxg6 exd5 39. Ne7+ Kf7 40. Nxd5 Ne6 41. Bg2 Kg6 42. Bc1 Nd4 43. h4 Bxd5 44. h5+ Kf6 45. Bxd5 Nb6 46. g5+ Kf5 47. h6 Kg6 48. Be4+ Kf7 49. g6+ Kg8 50. h7+ Kh8 51. Bh6 Ne6 52. Bf5 Ng7 53. Bb1 d5 54. Kg3 d4 55. Kf4 c4 56. Ke5 d3 57. Bxg7+ Kxg7 58. Kd4 Nd7 59. Kxc4 Ne5+ 60. Kc3 Nxg6 61. Bxd3 Kxh7 1/2-1/2

[Event "COL pre olympic sf3"]
[Site "Dosquebradas"]
[Date "2018.06.02"]
[Round "7"]
[White "Ortegon Villacorte, Linda Daniela"]
[Black "Pinillo Canon, Silvana"]
[Result "0-1"]
[WhiteElo "1879"]
[BlackElo "1661"]
[PlyCount "52"]
[EventDate "2018.05.30"]
[EventType "swiss"]
[EventRounds "10"]
[EventCountry "COL"]
[SourceTitle "CBM 184 Extra"]
[Source "ChessBase"]
[SourceDate "2018.06.28"]
[SourceVersion "1"]
[SourceVersionDate "2018.06.28"]
[SourceQuality "1"]

1. e4 e5 2. Nf3 Nc6 3. Bc4 Bc5 4. 0-0 Nf6 5. d4 exd4 6. e5 d5 7. exf6 dxc4 8. fxg7 Rg8 9. Bg5 Be7 10. Bxe7 Kxe7 11. Re1+ Be6 12. Na3 Qd5 13. Qe2 Rxg7 14. Qe4 Kd7 15. g3 Qxe4 16. Rxe4 Bd5 17. Rf4 Bxf3 18. Rxf3 Ne5 19. Rf5 Ke6 20. Rh5 f5 21. f4 Ng6 22. Re1+ Kf6 23. Nxc4 Nxf4 24. Rh4 Ne6 25. Rh6+ Rg6 26. Rxh7 Ng5 0-1

[Event "COL pre olympic sf3"]
[Site "Dosquebradas"]
[Date "2018.05.31"]
[Round "2"]
[White "Dabraccio, Guillermo"]
[Black "Ortegon Villacorte, Linda Daniela"]
[Result "0-1"]
[WhiteElo "1620"]
[BlackElo "1879"]
[PlyCount "40"]
[EventDate "2018.05.30"]
[EventType "swiss"]
[EventRounds "10"]
[EventCountry "COL"]
[SourceTitle "CBM 184 Extra"]
[Source "ChessBase"]
[SourceDate "2018.06.28"]
[SourceVersion "1"]
[SourceVersionDate "2018.06.28"]
[SourceQuality "1"]

1. d4 Nf6 2. Nf3 g6 3. Bf4 Bg7 4. e3 d6 5. Be2 Nh5 6. Bg5 c5 7. c3 Qb6 8. Qb3 Qxb3 9. axb3 Nf6 10. Bb5+ Bd7 11. Bxd7+ Nbxd7 12. Nbd2 0-0 13. h3 h6 14. Bf4 cxd4 15. exd4 Nd5 16. Bh2 e5 17. dxe5 dxe5 18. 0-0 f6 19. Rfe1 Nc5 20. Ra2 Rfd8 0-1

[Event "World Amateur-ch U2000"]
[Site "Cagliari"]
[Date "2018.04.23"]
[Round "2"]
[White "Tavagwisa, Lawrence1111"]
[Black "Ortegon Villacorte, Linda Daniela"]
[Result "0-1"]
[WhiteElo "1946"]
[BlackElo "1879"]
[PlyCount "51"]
[EventDate "2018.04.22"]
[EventType "swiss"]
[EventRounds "9"]
[EventCountry "ITA"]
[SourceTitle "CBM 184 Extra"]
[Source "ChessBase"]
[SourceDate "2018.06.28"]
[SourceVersion "1"]
[SourceVersionDate "2018.06.28"]
[SourceQuality "1"]

1. c4 Nf6 2. g3 g6 3. Bg2 Bg7 4. Nc3 c5 5. e3 0-0 6. Nge2 d6 7. 0-0 Nc6 8. d4 a6 9. h3 Bd7 10. Nf4 Rb8 11. a4 Na5 12. dxc5 dxc5 13. Qe2 e6 14. Rd1 Qb6 15. e4 Rfd8 16. Be3 Qb4 17. Bf1 Bc6 18. Bd2 Qb6 19. Qe3 Nb3 20. a5 Qc7 21. Ncd5 exd5 22. Qxb3 dxc4 23. Bxc4 Nxe4 24. Nd5 Qd7 25. Bg5 Bxd5 26. Rxd5 0-1

[Event "Tunja Liga Boyaca"]
[Site "Tunja"]
[Date "2017.12.15"]
[Round "2.23"]
[White "Suarez Avendano, Jorge Enrique"]
[Black "Ortegon Villacorte, Linda Daniela"]
[Result "0-1"]
[WhiteElo "1600"]
[BlackElo "1831"]
[PlyCount "43"]
[EventDate "2017.12.14"]
[EventType "swiss"]
[EventRounds "7"]
[EventCountry "COL"]
[SourceTitle "EXT 2024"]
[Source "ChessBase"]
[SourceDate "2023.10.10"]
[SourceVersion "1"]
[SourceVersionDate "2023.10.10"]
[SourceQuality "1"]

1. e4 e5 2. Nf3 Nf6 3. Nc3 Nc6 4. Bb5 Bc5 5. d3 d6 6. 0-0 0-0 7. Be3 Bxe3 8. fxe3 Nd4 9. exd4 exd4 10. Nxd4 d5 11. exd5 Nxd5 12. Nxd5 Qxd5 13. Rf4 c6 14. c4 Qd7 15. Ba4 b5 16. cxb5 cxb5 17. Bb3 Qc7 18. Qf1 b4 19. Re1 a5 20. g3 Bb7 21. Re2 Rae8 22. Rf5 0-1